在空白地图上画出天津所有县级行政区Counties in Tianjin with an empty map - Statistics

General Stats
  • This quiz has been taken 95 times
  • The average score is 14 of 16
Answers on the Map
Answers color-coded by a green-red scale on the quiz's map according to % correct below.
 
Answer Stats
县级行政区 % Correct
南开区
98%
滨海新区
96%
蓟州区
96%
河东区
92%
和平区
90%
河西区
90%
河北区
88%
东丽区
88%
西青区
88%
北辰区
88%
武清区
88%
静海区
88%
津南区
84%
红桥区
82%
宁河区
82%
宝坻区
80%
No matching quizzes found
Score Distribution
Percent of People with Each Score
Percentile by Number Answered
Your Score History
You have not taken this quiz